000
00305nam a2200109Ia 4500
001
1276650
005
20260417160451.0
008
260417s9999 xx 000 0 und d
020
_a
9789944699457
245
0
_a
Kayıp Kitaplıktaki İskelet 2: Yaşayan Ölüler
_c
Aytül Akal
260
_b
Tudem Yayınları
999
_c
1276650
_d
1276650